Journal of International Women’s Studies
Na minha lista:
| Formato: | Periódico |
|---|---|
| Publicado em: |
Bridgewater
Bridgewater State University
|
| Tags: |
Sem tags, seja o primeiro a adicionar uma tag!
|
MARC
| LEADER | 00000nas1a2200000 4500 | ||
|---|---|---|---|
| 001 | 0269942 | ||
| 005 | 20250701092121.0 | ||
| 022 | |a 1539-8706 | ||
| 044 | |a US | ||
| 245 | 1 | 0 | |a Journal of International Women’s Studies |
| 264 | 1 | |a Bridgewater |b Bridgewater State University | |